The science of open spaces : (Record no. 7752)

000 -LEADER
fixed length control field 01082cam a22002177i 4500
003 - CONTROL NUMBER IDENTIFIER
control field OSt
005 - DATE AND TIME OF LATEST TRANSACTION
control field 20200519130603.0
008 - FIXED-LENGTH DATA ELEMENTS--GENERAL INFORMATION
fixed length control field 141029s2015 dcua b 001 0 eng d
020 ## - INTERNATIONAL STANDARD BOOK NUMBER
International Standard Book Number 9781597269933
082 04 - DEWEY DECIMAL CLASSIFICATION NUMBER
Classification number 333.9516CHA
Edition number 23
100 1# - MAIN ENTRY--PERSONAL NAME
Personal name Curtin, Charles G.,
Relator term author.
245 14 - TITLE STATEMENT
Title The science of open spaces :
Remainder of title theory and practice for conserving large, complex systems /
Statement of responsibility, etc Charles G. Curtin.
300 ## - PHYSICAL DESCRIPTION
Extent xiii, 255 pages :
Other physical details illustrations ;
Dimensions 23 cm
504 ## - BIBLIOGRAPHY, ETC. NOTE
Bibliography, etc Includes bibliographical references (pages 233-242) and index.
505 0# - FORMATTED CONTENTS NOTE
Formatted contents note Preface -- Integrating Conservation and Complexity through the Perspective of Place -- Experiments in Post-normal Science in Southwestern Rangelands -- Experiments in the Governance of Maine's Coastal Fisheries -- The Conceptual Underpinnings of Open Spaces -- Resilience and the Social-Ecological Synthesis -- Practical Aspects of Sustaining Open Spaces.
650 #0 - SUBJECT ADDED ENTRY--TOPICAL TERM
Topical term or geographic name as entry element Open spaces
General subdivision Conservation.
650 #0 - SUBJECT ADDED ENTRY--TOPICAL TERM
Topical term or geographic name as entry element Biosphere reserves
General subdivision Management.
650 #0 - SUBJECT ADDED ENTRY--TOPICAL TERM
Topical term or geographic name as entry element Landscape ecology.
650 #0 - SUBJECT ADDED ENTRY--TOPICAL TERM
Topical term or geographic name as entry element Biodiversity conservation.
942 ## - ADDED ENTRY ELEMENTS (KOHA)
Source of classification or shelving scheme
Holdings
Withdrawn status Lost status Source of classification or shelving scheme Damaged status Koha normalized classification for sorting Not for loan Permanent location Current location Date acquired Full call number Barcode Date last seen Price effective from Koha item type Source of acquisition Cost, normal purchase price Total Checkouts Date last borrowed Cost, replacement price
        333_000000000000000_9516CHA   BMS College of Architecture, Design and Planning BMS College of Architecture, Design and Planning 2020-05-19 333.9516CHA ar-ug1540 2020-05-19 2020-05-19 UG Books          
        333_000000000000000_9516CHA   BMS College of Architecture, Design and Planning BMS College of Architecture, Design and Planning 2022-04-07 333.9516CHA AR-PG517 2022-12-26 2022-04-07 PG Books 6 2203.60 4 2022-12-12 3148.00
Copyright © 2025, The Librarian, Library and Information Centre, BMSCA D&P, Bengaluru. All Rights Reserved
web counter

Powered by Koha